000 01160cam a2200361 a 4500
001 8393
003 FISKH
005 20250910141655.0
008 950612s1995 caua j 000 1 eng
010 _a 95163717
020 _a0843138300
020 _a078814004996
020 _a9780843138306
040 _aDLC
_cDLC
_dDLC
_beng
050 _aPZ7.C8187 S
082 _a 823.914
100 1 _aCosgrove, Stephen.
245 1 0 _aSassafras /
_cwritten by Stephen Cosgrove ; illustrated by Robin James.
260 _aLos Angeles :
_bPrice Stern Sloan,
_c1995.
300 _a30 unnumbered pages :
_bcolor illustrations ;
_c22 cm
500 _a"A Serendipity book."
500 _aIncludes detachable bookmark.
505 _aP
520 _aA sassy little elephant, who irritates others by imitating everything they say, hears in an echo how unkind she sounds.
521 8 _a630
_bLexile
521 8 _aP
_bRaz-Plus
650 1 _aElephants
_xFiction.
650 1 _aConduct of life
_xFiction.
700 1 _aJames, Robin,
_d1953-
_eillustrator
906 _a7
_bcbc
_corignew
_d3
_encip
_f19
_gy-gencatlg
942 _2ddc
_cBK
_n0
999 _c8393
_d8393